| 000 | 004430000a22001810004500 | ||
|---|---|---|---|
| 003 | LK-CoMWRAF | ||
| 008 | 230817t ||||| |||| 00| 0 eng d | ||
| 020 | _a1856492079 | ||
| 040 |
_aLK-CoMWRAF _dLK-CoMWRAF _eLK-CoMWRAF |
||
| 041 | _aeng | ||
| 082 |
_a430 _bMAR |
||
| 100 | _aRex, John | ||
| 245 |
_aEthnicity and politics in South Africa _b |
||
| 260 |
_aUSA _bZeb books Ltd _c1993 |
||
| 300 | _ap.125 | ||
| 650 | _aEthnicity | ||
| 942 | _cBK | ||
| 999 |
_c2983 _d2983 |
||